Noem de 20 belangrijkste wijnlanden van de wereld - Wijn Quiz 1 - Statistieken

Algemene statistieken
  • Deze quiz is 79 keer genomen
  • De gemiddelde score is 14 van 20
Antwoordstatistieken
Hint Antwoord % Correct
F Frankrijk
100%
S Spanje
96%
I Italie
93%
D Duitsland
91%
P Portugal
89%
Z Zuid Afrika
83%
O Oostenrijk
83%
V Verenigde Staten
83%
H Hongarije
74%
A Argentinie
72%
R Roemenie
70%
Australie
67%
C Chili
67%
G Griekenland
67%
N Nieuw Zeeland
59%
Zwitserland
59%
China
52%
Mexico
43%
B Bulgarije
41%
M Marokko
28%
Geen overeenkomende quizzen gevonden
Scoreverdeling
Procent van Mensen met Elke Score
Percentiel versus Aantal Correcte Antwoorden
Uw Scoregeschiedenis
U heeft deze quiz nog niet genomen